| 000 | 01064nam a22002417a 4500 | ||
|---|---|---|---|
| 005 | 20240305165509.0 | ||
| 007 | cr|||| |||| | ||
| 008 | 180710s2013 es |||||s|||| 00||0 spa d | ||
| 020 | _a978-84-9123-506-4 | ||
| 035 | _a21757 | ||
| 040 | _avLex | ||
| 090 |
_c8008 _d8008 |
||
| 100 | 1 | _aMartín Fernández, Javier | |
| 245 | 1 | 0 |
_aTasas y precios en la hacienda local _h[Recurso electrónico] : _bLa experiencia española / _cJavier Martín Fernández |
| 256 | _aServicio en línea | ||
| 260 |
_aMadrid: _bMarcial Pons, _c2013 |
||
| 300 | _a1 recurso electrónico | ||
| 506 | 1 |
_aDisponible solo en los productos indicados _dvLex Global _dvLex Global (Academic Edition, excluding Law Schools) _dvLex Global (U.S. Academic Edition, Law Schools) _dvLex Global (U.S. Academic Edition, excluding Law Schools) _dvLex Global (Academic Edition, Law Schools) |
|
| 650 | 0 | 4 |
_aDerecho Tributario _zEspaña |
| 740 | 0 | _avLex Libros (Servicio en línea) | |
| 856 | 4 | 0 | _uhttps://app.vlex.com/#/sources/tasas-precios-hacienda-local-experiencia-espa-ola-21757 |
| 942 | _cRAA | ||
| 999 |
_c166245 _d166245 |
||